[Event "EU-chT Seniors 11th"]
[Site "Velden"]
[Date "2009.04.10"]
[Round "6"]
[White "Stangl, Herbert"]
[Black "Fernengel, Rudolf"]
[Result "0-1"]
[WhiteElo "1611"]
[BlackElo "1736"]
[PlyCount "82"]
[EventDate "2009.04.05"]
[EventType "team-swiss"]
[EventRounds "9"]
[EventCountry "AUT"]
[SourceTitle "CBM 129 Extra"]
[Source "ChessBase"]
[SourceDate "2009.05.05"]
[SourceVersion "2"]
[SourceVersionDate "2009.05.20"]
[SourceQuality "1"]

1. Nf3 d6 2. b3 e5 3. d3 Nc6 4. Bb2 f5 5. Nbd2 Nf6 6. e4 Be7 7. Be2 0-0 8. 0-0 Qe8 9. Ne1 Qg6 10. Bf3 f4 11. a3 a6 12. b4 Be6 13. Rc1 Qf7 14. c4 b6 15. Be2 g5 16. Nef3 h6 17. Qc2 g4 18. Nh4 Nxe4 19. dxe4 Bxh4 20. Bd3 Bf6 21. Qa4 Nd4 22. Bxd4 exd4 23. Qc2 c5 24. f3 h5 25. fxg4 Be5 26. g5 h4 27. Nf3 Qh5 28. Qf2 h3 29. Qh4 Qg6 30. Rc2 Rf7 31. Qh6 Qxh6 32. gxh6 Bf6 33. e5 dxe5 34. Bg6 Re7 35. Re2 Bxc4 36. Rfe1 Bxe2 37. Rxe2 Kh8 38. gxh3 Rg8 39. Rg2 e4 40. Ng5 Bxg5 41. Rxg5 Re6 0-1

[Event "EU-chT Seniors 11th"]
[Site "Velden"]
[Date "2009.04.09"]
[Round "5"]
[White "Stangl, Herbert"]
[Black "Ludvigsen, Jan Helge"]
[Result "1-0"]
[WhiteElo "1611"]
[BlackElo "1785"]
[PlyCount "75"]
[EventDate "2009.04.05"]
[EventType "team-swiss"]
[EventRounds "9"]
[EventCountry "AUT"]
[SourceTitle "CBM 129 Extra"]
[Source "ChessBase"]
[SourceDate "2009.05.05"]
[SourceVersion "2"]
[SourceVersionDate "2009.05.20"]
[SourceQuality "1"]

1. Nf3 Nf6 2. b3 g6 3. Bb2 Bg7 4. e3 0-0 5. d3 d5 6. Nbd2 c5 7. Be2 b6 8. 0-0 Bb7 9. Rc1 Nbd7 10. c4 Re8 11. cxd5 Nxd5 12. Bxg7 Kxg7 13. Nc4 Qc7 14. d4 f6 15. dxc5 Nxc5 16. Nd4 e5 17. Nb5 Qc6 18. Ncd6 Red8 19. Nxb7 Qxb7 20. Qe1 a5 21. Nc3 Nb4 22. Rd1 Nc2 23. Bf3 e4 24. Qe2 Nb4 25. Rxd8 Rxd8 26. Bg4 f5 27. Bh3 Rd3 28. Nb5 Qd7 29. Nd4 Kg8 30. g4 fxg4 31. Bxg4 Qe7 32. Kh1 Qf6 33. Rg1 Rc3 34. Qb5 Nbd3 35. Qe8+ Kg7 36. Nf5+ gxf5 37. Be2+ Qg6 38. Qe7+ 1-0